000 00324 a2200121 4500
000 nam a22 7a 4500
005 20260129114756.0
020 _a9780262049726
100 _aKastner, Christian
_91112689
245 _aMachine Learning in Production: From Models to Products
260 _bMIT Press
_c2025
942 _cTEXL
999 _c1678348
_d1678348